000 02347nam a22002897a 4500
999 _c22064
_d22064
003 AR-CdUCM
008 190425b ||||| |||| 00| 0 spa d
040 _aMUNICIPALIDAD PROVINCIAL DEL CUSCO
_cBIBLIOTECA MUNICIPAL DEL CUSCO
082 _aSitua/N°3/1994
245 _aSitua :
_bRevista semestral de la Facultad de Medicina Humana /
_cFacultad de Medicina Humana, Universidad Nacional de San Antonio Abad del Cusco
260 _aCusco :
_b[UNSAAC],
_c1994.
300 _a63 páginas. :
_c31 cm.
440 _aSitua revista semestral de la Facultad de Medicina Humana.
_nAño,2, N°3,setiembre 1993 - febrero 1994.
_947328
505 _aContenido: Fiesta del Situa, Fiesta de la salud. Víctor Angles Vargas. -- Mensaje al Hospital Regional del Cusco en su XXX Aniversario. Muñiz Caparo, Jorge. -- Hospital Regional del Cusco 30 años de servicio ala comunidad. Farfán Cantero, Ramiro -- Acción de las micotoxinas producidas por aspergillus suphureus sobre células de cryptococcus neoformans. Vidotto, Valerio. -- Requisitos mínimos para la creación y funcionamiento de facultades de medicina. Paredes Manrique. -- Investigación integral de bocconia pearcei hutchinson. Bloga Urrunaga Soria, Rosa. -- Enfermedad cerebro-vascular factores de riesgo en los adultos nativos de la altura. García Matheus, Julio Cesar. -- Estudio epidemiológico sobre factores de riesgo de la población extranjera migrante para portar el VIH (SIDA). Contreras campana, Camilo. -- Principales causas de mortalidad neonatal en los hospitales Antonio Lorena, Regional, IPPS-Cusco. Flores Eyzaguirre, Rafael. -- Investigación. Gutiérrez Zambrano, Tomas. -- Ejercicio de la medicina y sus normas éticas. Diaz Díaz, Leoncio. -- Homenaje a la medicina peruana por el Consejo Regional VI-Cusco Colegio Medico del Perú. Tupayachi Mogollon, Walter. -- Declaración de Ginebra.
650 _aMedicina humana
_947329
650 _aSalud pública
_96404
650 _aHospitales
_947330
650 _aCentros de Salud
_932510
700 _aAngles Vargas, Víctor
_947331
700 _aMuñiz Caparo, Jorge
_947332
700 _aFarfán Cantero, Ramiro
_947333
700 _aEguchi, Armando
_947334
710 _aFacultad de Medicina Humana
_947335
710 _aUniversidad Nacional de San Antonio Abad del Cusco
_915942
942 _2ddc
_cPP
945 _arac